[Event "XXXIII MIEDZYNARODOWE SZACHOWE MISTRZOSTWA MALOPOLSKI - Grupa A"]
[Site "Hotel Galaxy, ul. Gesia 22a, Krakow"]
[Date "1899-12-30"]
[Round "5.9"]
[White "Kaliszuk, Kamil"]
[Black "Mirski, Michal"]
[Result "1-0"]
[WhiteTitle "k"]
[BlackTitle "I++"]
[WhiteElo "2249"]
[BlackElo "1986"]

1. e4 c5 2. Nf3 g6 3. d4 cxd4 4. Nxd4 Nc6 5. c4 Nf6 6. Nc3 d6 7. f3 Nxd4 8. Qxd4
Bg7 9. Be3 O-O 10. Qd2 a5 11. Na4 Nd7 12. O-O-O Qc7 13. Nc3 Nf6 14. g4 Be6 15.
Nb5 Qc6 16. Nd4 Qc7 17. Kb1 a4 18. h4 Qa5 19. Qh2 a3 20. b3 Qc3 21. Qd2 Qxd2 22.
Rxd2 h5 23. g5 Nd7 24. Bg2 Ne5 25. Nb5 Rfc8 26. Rdd1 Bxc4 27. bxc4 Nxc4 28. Rd3
Ra5 29. Na7 Nxe3 30. Nxc8 Rb5+ 31. Rb3 Rxb3+ 32. axb3 Nxg2 33. Nxe7+ Kf8 34. Nd5
Be5 35. Ka2 Bb2 36. f4 b5 37. f5 b4 38. f6 Ke8 39. Nxb4 Kd7 40. Nd3 Bd4 41. Kxa3
Ke6 42. Kb4 d5 43. exd5+ Kxd5 44. Kb5 Ne3 45. Rc1 Nf5 46. Nb4+ Kd6 47. Rd1 Kc7
48. Nd5+ Kb7 49. Ne7 Nd6+ 50. Kb4 Be5 51. Kc5 Ne4+ 52. Kd5 Nc3+ 53. Kxe5 Nxd1
54. Nxg6 Ne3 55. Nh8 Kc7 56. g6 Ng4+ 57. Kf5 fxg6+ 58. Nxg6 Kd6 59. f7 Nh6+ 60.
Kf6 Ng4+ 61. Kg5 1-0

[Event "XXXIII MIEDZYNARODOWE SZACHOWE MISTRZOSTWA MALOPOLSKI - Grupa A"]
[Site "Hotel Galaxy, ul. Gesia 22a, Krakow"]
[Date "1899-12-30"]
[Round "5.10"]
[White "Klepek, Witold"]
[Black "Krawczyk, Wojciech"]
[Result "1-0"]
[WhiteTitle "k++"]
[BlackTitle "I++"]
[WhiteElo "2236"]
[BlackElo "1985"]

1. e4 c6 2. Nf3 d5 3. d3 Bg4 4. h3 Bh5 5. Nc3 e6 6. g4 Bg6 7. h4 f6 8. h5 Bf7 9.
d4 Nd7 10. Bf4 Bb4 11. Bd3 Qe7 12. Qe2 dxe4 13. Bxe4 Bd6 14. Bd2 Nb6 15. O-O-O
O-O-O 16. Nh4 Qc7 17. Ng2 e5 18. dxe5 Bxe5 19. f4 Bd6 20. Bf5+ Kb8 21. Ne4 Bf8
22. Ba5 Ne7 23. Rxd8+ Qxd8 24. Rd1 Ned5 25. Nh4 Qe8 26. c4 g6 27. hxg6 hxg6 28.
Nxg6 Bxg6 29. Bxg6 Nxf4 30. Bxe8 Nxe2+ 31. Kb1 Be7 32. Bf7 Rh4 33. Re1 Nf4 34.
Nf2 Nc8 35. Bd2 Bd6 36. Re4 Rh2 37. Rxf4 1-0

[Event "XXXIII MIEDZYNARODOWE SZACHOWE MISTRZOSTWA MALOPOLSKI - Grupa A"]
[Site "Hotel Galaxy, ul. Gesia 22a, Krakow"]
[Date "1899-12-30"]
[Round "5.11"]
[White "Syrkiewicz, Michal"]
[Black "Kacprzak, Kacper"]
[Result "0-1"]
[WhiteTitle "k"]
[BlackTitle "k++"]
[WhiteElo "1945"]
[BlackElo "2228"]

1. e4 c5 2. Nf3 d6 3. d4 cxd4 4. Nxd4 Nf6 5. Nc3 a6 6. f4 e5 7. Nf3 Nbd7 8. a4
Qc7 9. Bd3 Be7 10. O-O O-O 11. Qe2 Re8 12. Kh1 Nc5 13. fxe5 dxe5 14. Bc4 Be6 15.
Ng5 Bxc4 16. Qxc4 Ne6 17. Qb3 Bd8 18. Nxe6 fxe6 19. Bg5 Qc6 20. Rae1 Rc8 21. Rf5
Qc4 22. Rf3 Qxb3 23. cxb3 Nd7 24. Be3 Be7 25. h3 Red8 26. Rd1 Nb8 27. Rff1 Nd7
28. Rf3 Nf6 29. Rff1 Bb4 30. Bg5 Kf7 31. Rxd8 Rxd8 32. Bxf6 gxf6 33. Rd1 Bd6 34.
g4 Ke7 35. Kg2 Rc8 36. Rd3 Rc6 37. Kf3 Rb6 38. Nb1 Bc5 39. Nd2 Bd4 40. Nc4 Rc6
41. Ke2 b5 42. axb5 axb5 43. Na3 Rb6 44. Rd2 Kf7 45. Kf3 Kg6 46. Rg2 Rb7 47. Rc2
Kg5 48. Kg3 h5 49. Rc6 h4+ 50. Kf3 Bxb2 51. Nc2 Rd7 52. Ne1 Bd4 53. Rxe6 Rc7 54.
Ke2 Rc3 55. Nf3+ Kf4 56. Rxf6+ Kg3 57. Nxd4 exd4 58. g5 Re3+ 59. Kd2 Rxe4 60.
Kd3 Re5 61. g6 Rg5 62. Kxd4 Kxh3 63. Ke3 Kg4 64. Kf2 Kh5 65. Rf3 Rxg6 66. Rf5+
Rg5 67. Rf3 Kg4 68. Kg2 Rd5 69. Rf8 Rd2+ 70. Kg1 Rb2 71. Rg8+ Kh3 72. Rh8 Rxb3
73. Kf2 Rb2+ 74. Kf3 Rb3+ 75. Kf4 Kg2 76. Rxh4 Rb4+ 77. Ke5 0-1

[Event "XXXIII MIEDZYNARODOWE SZACHOWE MISTRZOSTWA MALOPOLSKI - Grupa A"]
[Site "Hotel Galaxy, ul. Gesia 22a, Krakow"]
[Date "1899-12-30"]
[Round "5.12"]
[White "Lecki, Leonard"]
[Black "Tymrakiewicz, Rafal"]
[Result "0-1"]
[WhiteTitle "I+"]
[BlackTitle "FM"]
[WhiteElo "1914"]
[BlackElo "2154"]

1. e4 c6 2. d4 d5 3. exd5 cxd5 4. Bd3 Nf6 5. c3 Qc7 6. Ne2 Nc6 7. Bf4 Qb6 8. Qb3
Qd8 9. Nd2 g6 10. O-O Bg7 11. h3 O-O 12. Nf3 e6 13. Rfe1 Re8 14. Rad1 Nd7 15.
Ng3 a6 16. Re2 b5 17. h4 b4 18. h5 a5 19. hxg6 hxg6 20. c4 a4 21. Qc2 b3 22. Qc3
dxc4 23. Qxc4 Na5 24. Qc3 Nf6 25. Re5 bxa2 26. Ra1 Bb7 27. Bg5 Nb3 28. Rxa2 Rc8
29. Qb4 Bxf3 30. gxf3 Nxd4 31. Kg2 Nc6 32. Qh4 Nxe5 33. Ne4 Qxd3 34. Ra3 Nxf3
35. Nxf6+ Bxf6 36. Qh1 Qf5 37. Rxf3 Qxg5+ 38. Rg3 Qd5+ 39. Rf3 Bxb2 40. Kg3 Rc3
41. Kh2 Qh5+ 0-1

[Event "XXXIII MIEDZYNARODOWE SZACHOWE MISTRZOSTWA MALOPOLSKI - Grupa A"]
[Site "Hotel Galaxy, ul. Gesia 22a, Krakow"]
[Date "1899-12-30"]
[Round "5.13"]
[White "Razin, Vadim"]
[Black "Budzisz, Adrian"]
[Result "1-0"]
[WhiteTitle ""]
[BlackTitle "k"]
[WhiteElo "2407"]
[BlackElo "2049"]

1. d4 Nf6 2. Nf3 e6 3. c4 Bb4+ 4. Nbd2 d5 5. Qc2 O-O 6. a3 Be7 7. e4 dxe4 8. Nxe4
Nbd7 9. Nxf6+ Bxf6 10. h4 c5 11. dxc5 Nxc5 12. Bg5 e5 13. Rd1 Qe7 14. b4 Ne6 15.
Qe4 Re8 16. c5 a6 17. Rd6 Bxg5 18. hxg5 Nf8 19. Bc4 g6 20. O-O Bf5 21. Qe3 b5
22. Bd5 Ra7 23. Re1 Nd7 24. Nd4 1-0

[Event "XXXIII MIEDZYNARODOWE SZACHOWE MISTRZOSTWA MALOPOLSKI - Grupa A"]
[Site "Hotel Galaxy, ul. Gesia 22a, Krakow"]
[Date "1899-12-30"]
[Round "5.15"]
[White "Kasperek, Ryszard"]
[Black "Orzech, Dominik"]
[Result "1/2-1/2"]
[WhiteTitle "m"]
[BlackTitle "IM"]
[WhiteElo "2065"]
[BlackElo "2291"]

1. e4 e6 2. d4 d5 3. Nc3 Bb4 4. e5 c5 5. a3 Bxc3+ 6. bxc3 Ne7 7. h4 Qa5 8. Bd2
Qa4 9. h5 Nbc6 10. Nf3 cxd4 11. Rh4 Nf5 12. Rf4 g5 13. Nxg5 Nxe5 14. Qe2 f6 15.
g4 Ne3 16. Bxe3 fxg5 17. Bxd4 gxf4 18. Qxe5 Rf8 19. Rb1 Bd7 20. Bb5 Bxb5 21. Qxe6+
Kd8 22. Qd6+ Ke8 23. Qe6+ Kd8 24. Qd6+ Ke8 25. Qe6+ Kd8 1/2-1/2

[Event "XXXIII MIEDZYNARODOWE SZACHOWE MISTRZOSTWA MALOPOLSKI - Grupa A"]
[Site "Hotel Galaxy, ul. Gesia 22a, Krakow"]
[Date "1899-12-30"]
[Round "5.16"]
[White "Wnek, Filip"]
[Black "Malicka, Maria"]
[Result "0-1"]
[WhiteTitle "I++"]
[BlackTitle "WGM"]
[WhiteElo "2057"]
[BlackElo "2255"]

1. e4 c5 2. Nf3 d6 3. d4 cxd4 4. Nxd4 Nf6 5. Nc3 a6 6. h4 e5 7. Nb3 Be7 8. Bg5
Be6 9. Bxf6 Bxf6 10. g3 O-O 11. Qd2 a5 12. Bb5 Qb6 13. a4 Na6 14. g4 Bxg4 15.
Nd5 Qd8 16. Nxa5 Nc5 17. b4 Bxh4 18. Rxh4 Qxh4 19. bxc5 Qh1+ 20. Bf1 Qxe4+ 21.
Ne3 dxc5 22. Nac4 Rfd8 23. Bg2 Bf3 24. Bxf3 Qxf3 25. Qc3 Qh1+ 26. Ke2 Qh5+ 27.
Ke1 Rd4 28. Nd2 Rad8 29. Nb3 b6 30. a5 Rf4 31. Nd2 Qh2 32. Nd1 bxa5 33. Qxa5 Rfd4
34. Nf1 Qf4 35. Nde3 h5 36. Qxc5 h4 37. Qc6 e4 38. Qc5 g6 39. c4 h3 40. Nd5 R4xd5
41. cxd5 h2 42. Nxh2 Qxh2 43. Rd1 Qh1+ 44. Ke2 Qh5+ 45. Ke1 Qe5 46. Ke2 Kg7 47.
Rd2 Rd6 48. Qc4 Rd7 49. Qb5 Qd6 50. Ke3 f5 51. Qb2+ Kf7 52. Qh8 Qc5+ 53. Kf4 Qd6+
54. Kg5 Qe7+ 55. Kf4 Qf6 56. Qh7+ Ke8 57. Qg8+ Ke7 58. Qh7+ Kd6 59. Qg8 Rb7 60.
Rc2 Qh4+ 61. Ke3 Rb3+ 62. Ke2 Qg4+ 63. Ke1 Rb1+ 64. Kd2 Qd1+ 65. Ke3 Rb3+ 66.
Kf4 Qg4# 0-1

[Event "XXXIII MIEDZYNARODOWE SZACHOWE MISTRZOSTWA MALOPOLSKI - Grupa A"]
[Site "Hotel Galaxy, ul. Gesia 22a, Krakow"]
[Date "1899-12-30"]
[Round "5.17"]
[White "Kaim, Piotr"]
[Black "Trybus, Daniel"]
[Result "1/2-1/2"]
[WhiteTitle "m"]
[BlackTitle "k"]
[WhiteElo "2167"]
[BlackElo "2014"]

1. e4 c5 2. Nf3 d6 3. d4 cxd4 4. Nxd4 Nf6 5. Nc3 a6 6. Bc4 e6 7. O-O b5 8. Bb3
Be7 9. Qf3 Qb6 10. Be3 Qb7 11. Qg3 O-O 12. Bh6 Ne8 13. a3 Bd7 14. Rfe1 Nc6 15.
Nxc6 Bxc6 16. Bg5 Bxg5 17. Qxg5 Nf6 18. f3 Rfd8 19. Rad1 a5 20. Rd4 b4 21. axb4
Qb6 22. Qe3 axb4 23. Na2 Ba4 24. Nxb4 Bxb3 25. cxb3 Ra5 26. Rc4 Qxe3+ 27. Rxe3
Rb5 28. Rd3 g6 29. e5 Nd5 30. Nc6 Rd7 31. exd6 Rxd6 32. Nb4 Rdb6 33. Nxd5 exd5
34. Rcd4 Rxb3 35. Rxb3 Rxb3 36. Rxd5 Rxb2 1/2-1/2

[Event "XXXIII MIEDZYNARODOWE SZACHOWE MISTRZOSTWA MALOPOLSKI - Grupa A"]
[Site "Hotel Galaxy, ul. Gesia 22a, Krakow"]
[Date "1899-12-30"]
[Round "5.18"]
[White "Poysti, Nathanael"]
[Black "Ten Have, Roland"]
[Result "1-0"]
[WhiteTitle ""]
[BlackTitle ""]
[WhiteElo "2131"]
[BlackElo "1937"]

1. c4 e6 2. g3 d5 3. Bg2 Bd6 4. Nf3 c6 5. d3 Nf6 6. O-O O-O 7. Nc3 Nbd7 8. cxd5
exd5 9. e4 Re8 10. exd5 Nxd5 11. Nxd5 cxd5 12. Qb3 Nb6 13. Be3 Bf8 14. a4 Be6
15. Nd4 Nd7 16. Bxd5 Bxd5 17. Qxd5 Nc5 18. Qc4 Rc8 19. Rfc1 Qd6 20. Nb5 Qxd3 21.
Nxa7 Qxc4 22. Rxc4 Nb3 23. Nxc8 Nxa1 24. b4 Bxb4 25. Rxb4 Rxc8 26. Rxb7 Nc2 27.
Bf4 h6 28. Rb8 Rxb8 29. Bxb8 Nb4 30. Kf1 1-0

[Event "XXXIII MIEDZYNARODOWE SZACHOWE MISTRZOSTWA MALOPOLSKI - Grupa A"]
[Site "Hotel Galaxy, ul. Gesia 22a, Krakow"]
[Date "1899-12-30"]
[Round "5.19"]
[White "Kusiak, Mateusz"]
[Black "Hnatyshyn, Anastasiia"]
[Result "1/2-1/2"]
[WhiteTitle "I++"]
[BlackTitle "WFM"]
[WhiteElo "1943"]
[BlackElo "2127"]

1. e4 c6 2. d4 d5 3. e5 c5 4. dxc5 Nc6 5. f4 e6 6. Be3 d4 7. Bf2 Bxc5 8. a3 Nh6
9. Bd3 Nf5 10. Bxf5 exf5 11. b4 Bb6 12. Nf3 a6 13. Qd3 O-O 14. Nbd2 f6 15. Nc4
Ba7 16. O-O Be6 17. Rfe1 Bd5 18. Ncd2 fxe5 19. Nxe5 Rc8 20. Nxc6 Bxc6 21. Re5
Bb5 22. Qb3+ Kh8 23. a4 Be8 24. Nf3 Rc3 25. Qe6 Rxc2 26. Rd5 Qc8 27. Qxc8 Rxc8
28. b5 g6 29. Re1 Kg8 30. Bxd4 Bxd4+ 31. Nxd4 Bf7 32. Rd7 Rfd8 33. Ree7 Rxd7 34.
Rxd7 Rc4 35. a5 axb5 1/2-1/2

[Event "XXXIII MIEDZYNARODOWE SZACHOWE MISTRZOSTWA MALOPOLSKI - Grupa A"]
[Site "Hotel Galaxy, ul. Gesia 22a, Krakow"]
[Date "1899-12-30"]
[Round "5.20"]
[White "Dylag, Emilia"]
[Black "Karut, Kacper"]
[Result "1/2-1/2"]
[WhiteTitle "WFM"]
[BlackTitle "I"]
[WhiteElo "2095"]
[BlackElo "1954"]

1. d4 Nf6 2. c4 g6 3. g3 Bg7 4. Bg2 d5 5. cxd5 Nxd5 6. e4 Nb6 7. Ne2 O-O 8. Nbc3
e5 9. d5 f5 10. exf5 Bxf5 11. O-O Nc8 12. f4 Nd7 13. Ne4 Nd6 14. N2c3 Nxe4 15.
Nxe4 Nf6 16. Nc3 Ne8 1/2-1/2

[Event "XXXIII MIEDZYNARODOWE SZACHOWE MISTRZOSTWA MALOPOLSKI - Grupa A"]
[Site "Hotel Galaxy, ul. Gesia 22a, Krakow"]
[Date "1899-12-30"]
[Round "5.21"]
[White "Molnar, Laszlo"]
[Black "Markowski, Damian"]
[Result "1-0"]
[WhiteTitle ""]
[BlackTitle "FM"]
[WhiteElo "1978"]
[BlackElo "2160"]

1. e4 c5 2. b4 cxb4 3. a3 bxa3 4. d4 d6 5. Nxa3 g6 6. Bd3 Bg7 7. c3 Nf6 8. Ne2
O-O 9. O-O Nc6 10. f4 d5 11. e5 Ne4 12. Bxe4 dxe4 13. Ng3 f6 14. exf6 exf6 15.
f5 Qd5 16. Nc2 Qc4 17. Nxe4 Qd5 18. Ng3 Qc4 19. Ra3 b5 20. Ne3 Qf7 21. Ng4 Qd5
22. Ne3 Qf7 23. Qd3 Bd7 24. Ng4 Qd5 25. Nh6+ Kh8 26. fxg6 b4 27. cxb4 Nxd4 28.
Ra5 Bb5 29. Rxb5 Qxb5 30. Qxd4 hxg6 31. Qh4 g5 32. Qh3 Rae8 33. Nhf5+ Kg8 34.
Nxg7 Kxg7 35. Nf5+ Kg8 36. Qh6 Qb6+ 37. Kh1 Qb7 38. Qg6+ Kh8 39. Bb2 Re6 40. Qh6+
Kg8 41. Qg6+ Kh8 42. Qxg5 Qh7 43. h3 a6 44. Rf4 Re1+ 45. Kh2 Qc7 46. Bxf6+ Rxf6
47. Qxf6+ Kg8 48. Qg5+ Kh7 49. Qh4+ 1-0

[Event "XXXIII MIEDZYNARODOWE SZACHOWE MISTRZOSTWA MALOPOLSKI - Grupa A"]
[Site "Hotel Galaxy, ul. Gesia 22a, Krakow"]
[Date "1899-12-30"]
[Round "5.22"]
[White "Sliwicki, Damian"]
[Black "Czarnecka, Lidia"]
[Result "0-1"]
[WhiteTitle "CM"]
[BlackTitle "WCM"]
[WhiteElo "2158"]
[BlackElo "2027"]

1. e4 c5 2. Nf3 e6 3. d4 cxd4 4. Nxd4 Nc6 5. Nc3 Qc7 6. g3 a6 7. Bg2 h5 8. O-O
h4 9. Nxc6 bxc6 10. e5 Qxe5 11. Bf4 Qa5 12. Qd4 hxg3 13. hxg3 Qh5 14. Rfe1 a5
15. Na4 Nf6 16. c4 Bb7 17. Qb6 Ba6 18. b3 Bb4 19. Re5 Qh2+ 20. Kf1 O-O 21. Qd4
d6 22. Rg5 e5 23. Qb2 Qh7 24. Be3 Nd5 25. Ke2 Nxe3 26. fxe3 Qh6 27. Rg4 Qh5 28.
Bf3 Qh2+ 29. Kd1 Qxb2 30. Nxb2 Bc3 31. Kc2 Bxb2 32. Kxb2 Bb7 33. Rh1 g6 34. Rgh4
Kg7 35. Rh7+ Kf6 36. Rf1 Ke6 37. g4 d5 38. Be2 Bc8 39. g5 Ke7 40. Rf6 Be6 41.
cxd5 cxd5 42. Rxg6 Bf5 43. Bh5 Bxg6 44. Bxg6 Ke6 45. Bh5 Rad8 46. Kc3 Rc8+ 47.
Kd2 Rc6 48. Rh6+ Kd7 49. Rh7 Ke8 50. e4 d4 51. Rg7 Rd6 52. Rh7 Rd7 53. Be2 Rd6
54. Bh5 Ra6 55. Kd3 a4 56. Kc4 axb3 57. axb3 Rb6 58. Kd5 d3 59. Kxe5 d2 60. Bd1
Ke7 61. Kf4 Rd8 62. Ke3 Rc6 63. Ke2 Rg6 64. Rh5 Ke6 65. Bc2 Ke5 66. b4 Kf4 67.
Rh7 Rd7 68. Rh1 Rxg5 69. Rf1+ Ke5 70. b5 Rg2+ 71. Kd1 Ra7 72. Rf5+ Kd4 73. Rd5+
Kc4 74. Bb1 Ra1 75. Kc2 d1=Q+ 76. Kxd1 Rxb1# 0-1

[Event "XXXIII MIEDZYNARODOWE SZACHOWE MISTRZOSTWA MALOPOLSKI - Grupa A"]
[Site "Hotel Galaxy, ul. Gesia 22a, Krakow"]
[Date "1899-12-30"]
[Round "5.23"]
[White "Triadu Cassa, Jordi"]
[Black "Makhynia, Kostiantyn"]
[Result "0-1"]
[WhiteTitle "CM"]
[BlackTitle "I"]
[WhiteElo "2150"]
[BlackElo "2015"]

1. e4 c5 2. c4 Nc6 3. Nc3 g6 4. g3 Bg7 5. Bg2 d6 6. Nge2 e5 7. O-O Nge7 8. d3 O-O
9. f4 Bg4 10. h3 Bxe2 11. Nxe2 Qd7 12. Rb1 Rab8 13. Kh2 b5 14. f5 f6 15. g4 g5
16. Be3 Nd4 17. Ng3 Nec6 18. Nh5 h6 19. Qd2 Qe7 20. h4 bxc4 21. dxc4 a5 22. hxg5
fxg5 23. Bf3 Bf6 24. Bd1 Qf7 25. Ba4 Rb6 26. Bxc6 Rxc6 27. Qxa5 Qxc4 28. Rf2 d5
29. Rc1 Qd3 30. Bxd4 exd4 31. Nxf6+ Rcxf6 32. e5 Qe3 33. Qe1 Re6 34. Re2 Qf4+
35. Kh3 d3 36. Re3 Rxe5 37. Rxe5 d2 38. Re3 dxe1=Q 39. Rcxe1 h5 40. gxh5 Qxf5+
41. Kg2 Qf2+ 42. Kh1 d4 43. Re7 Qf3+ 0-1

[Event "XXXIII MIEDZYNARODOWE SZACHOWE MISTRZOSTWA MALOPOLSKI - Grupa A"]
[Site "Hotel Galaxy, ul. Gesia 22a, Krakow"]
[Date "1899-12-30"]
[Round "5.24"]
[White "Kubica, Kamil"]
[Black "Darowicki, Mariusz"]
[Result "1-0"]
[WhiteTitle "k"]
[BlackTitle "I++"]
[WhiteElo "2139"]
[BlackElo "1970"]

1. d4 Nf6 2. c4 e6 3. g3 d5 4. Bg2 Bb4+ 5. Bd2 Bxd2+ 6. Nxd2 O-O 7. Ngf3 Nbd7 8.
Qc2 c6 9. O-O Qe7 10. e4 dxe4 11. Nxe4 Nxe4 12. Qxe4 Nf6 13. Qe3 Rd8 14. Rad1
Qb4 15. b3 Bd7 16. Ne5 Be8 17. f4 a5 18. f5 exf5 19. Rxf5 Qd6 20. a4 Bd7 21. Rf4
Re8 22. Qf3 Rad8 23. Rf1 Bc8 24. g4 c5 25. g5 cxd4 26. Nxf7 Kxf7 27. Qh5+ Kg8
28. gxf6 gxf6 29. Rxf6 Qe5 30. Rf8+ 1-0

[Event "XXXIII MIEDZYNARODOWE SZACHOWE MISTRZOSTWA MALOPOLSKI - Grupa A"]
[Site "Hotel Galaxy, ul. Gesia 22a, Krakow"]
[Date "1899-12-30"]
[Round "5.25"]
[White "Barwinska, Ewa"]
[Black "Kumor, Lukasz"]
[Result "1/2-1/2"]
[WhiteTitle "WCM"]
[BlackTitle "k"]
[WhiteElo "1953"]
[BlackElo "2052"]

1. e4 e6 2. d4 d5 3. Nc3 Nf6 4. Bg5 Be7 5. e5 Nfd7 6. Bxe7 Qxe7 7. f4 a6 8. Qg4
O-O 9. Nf3 c5 10. Bd3 cxd4 11. Bxh7+ Kxh7 12. Ng5+ Kg8 13. Qh5 Qxg5 14. Qxg5 dxc3
15. O-O cxb2 16. Rab1 Nc6 17. Rf3 f6 18. Qg4 Nd4 19. Rd3 fxe5 20. fxe5 Nf5 21.
Qf4 b5 22. Rxb2 Bb7 23. g4 Nh4 24. Qg5 Nf3+ 25. Rxf3 Rxf3 26. Qe7 Rf7 27. Qxe6
Nc5 28. Qd6 Ne4 29. Qb6 Re8 30. e6 Rfe7 31. Rb3 Bc8 32. Qc6 Bxe6 33. Re3 Rc8 34.
Qxa6 Bxg4 35. Qxb5 Nc3 36. Qd3 Rxe3 37. Qxe3 d4 38. Qg5 Bh3 39. Qh5 Be6 40. a3
Bd5 41. h4 Bf7 42. Qg4 Ra8 43. Kh2 Rxa3 44. Qxd4 Nd5 45. c4 Ne3 46. Qd8+ Kh7 47.
c5 Ng4+ 48. Kg2 Bd5+ 49. Kf1 Rc3 50. Qg5 Nf6 51. Qf5+ Kg8 52. Qc8+ Kf7 53. Qc7+
Kg6 54. Qd6 Kf5 55. Qf8 g6 56. Ke1 Rc4 57. Qh6 Ne4 58. h5 gxh5 59. Qxh5+ Ng5 60.
Qh8 Be4 61. Qc8+ Ne6 62. Qh8 Rxc5 63. Qh7+ Ke5 64. Qh8+ Kd5 65. Qa8+ Kd4 66. Qh8+
Ke3 67. Qh3+ Kd4 68. Qxe6 Rc2 1/2-1/2

[Event "XXXIII MIEDZYNARODOWE SZACHOWE MISTRZOSTWA MALOPOLSKI - Grupa A"]
[Site "Hotel Galaxy, ul. Gesia 22a, Krakow"]
[Date "1899-12-30"]
[Round "5.26"]
[White "Orzechowski, Jacek"]
[Black "Solano, Juan Pablo"]
[Result "1-0"]
[WhiteTitle "m"]
[BlackTitle ""]
[WhiteElo "2139"]
[BlackElo "1955"]

1. c4 Nf6 2. Nf3 e6 3. g3 d5 4. Bg2 Be7 5. O-O O-O 6. b3 c5 7. Bb2 Nc6 8. cxd5
exd5 9. d4 Be6 10. dxc5 Bxc5 11. Nc3 a6 12. Rc1 Qe7 13. Na4 Ba3 14. Bxa3 Qxa3
15. Nc5 Rac8 16. Qd2 h6 17. Nxe6 fxe6 18. Bh3 Rce8 19. Rc2 Ne4 20. Qe3 Qd6 21.
Rd1 Nb4 22. Rb2 Rd8 23. a3 Nc6 24. Ra2 Rf6 25. b4 Ne7 26. Rc2 Nf5 27. Qa7 h5 28.
Bxf5 Rxf5 29. Qxb7 h4 30. Qc7 Qf8 31. Rc6 Re8 32. Qb6 hxg3 33. hxg3 Qf6 34. Qd4
Qh6 35. Kg2 Rh5 36. Rcc1 Qg6 37. Rh1 Rf5 38. Rh4 Ref8 39. Rch1 Qf6 40. Qa7 1-0

[Event "XXXIII MIEDZYNARODOWE SZACHOWE MISTRZOSTWA MALOPOLSKI - Grupa A"]
[Site "Hotel Galaxy, ul. Gesia 22a, Krakow"]
[Date "1899-12-30"]
[Round "5.27"]
[White "Cichon, Jakub"]
[Black "Doraszelski, Alexander"]
[Result "1-0"]
[WhiteTitle "I+"]
[BlackTitle ""]
[WhiteElo "1937"]
[BlackElo "2132"]

1. d4 d5 2. Bf4 Nf6 3. e3 c5 4. c3 Nc6 5. Nd2 cxd4 6. exd4 Bf5 7. Qb3 Na5 8. Bb5+
Bd7 9. Qa4 a6 10. Bxd7+ Nxd7 11. Ngf3 e6 12. O-O b5 13. Qc2 Rc8 14. a4 Be7 15.
axb5 axb5 16. Qd3 Qb6 17. b4 Nc4 18. Nb3 O-O 19. Nc5 Qc6 20. Ra7 Bxc5 21. bxc5
e5 22. Qf5 Rc7 23. Rxc7 Qxc7 24. dxe5 g6 25. Qg5 Qxc5 26. Qh6 Re8 27. Ng5 Nf8
28. Re1 b4 29. e6 fxe6 30. Nxh7 Kf7 31. Ng5+ Kg8 32. Nh7 Kf7 33. Bg5 b3 34. Bf6
e5 35. Qg7+ Ke6 36. Bxe5 Nxh7 37. Bd4+ Kf5 38. Qf7+ 1-0

[Event "XXXIII MIEDZYNARODOWE SZACHOWE MISTRZOSTWA MALOPOLSKI - Grupa A"]
[Site "Hotel Galaxy, ul. Gesia 22a, Krakow"]
[Date "1899-12-30"]
[Round "5.28"]
[White "Kulesza, Andrzej"]
[Black "Gora, Antonina"]
[Result "1-0"]
[WhiteTitle "I++"]
[BlackTitle "k"]
[WhiteElo "2064"]
[BlackElo "1941"]

1. e4 c5 2. Nf3 d6 3. c3 Nf6 4. h3 Nc6 5. d3 e6 6. Be2 Be7 7. O-O a6 8. Nbd2 b5
9. Re1 Qb6 10. Nf1 O-O 11. Ng3 Bb7 12. Be3 d5 13. e5 Nd7 14. d4 cxd4 15. Bxd4
Nxd4 16. cxd4 Rfc8 17. Bd3 Qd8 18. Rc1 Nb6 19. Bb1 Nc4 20. Qe2 Rc7 21. Qc2 g6
22. b3 Ba3 23. bxc4 Rxc4 24. Qd2 Bxc1 25. Rxc1 Rxc1+ 26. Qxc1 Rc8 27. Qd2 Qc7
28. Ne2 Qe7 29. Bd3 Qa3 30. Nh2 Qa4 31. Ng4 h5 32. Nf6+ Kg7 33. Kh2 b4 34. Qg5
Rh8 35. Nf4 Bc8 36. N6xh5+ Kf8 37. Nxg6+ fxg6 38. Qf6+ Kg8 39. Qg7# 1-0

[Event "XXXIII MIEDZYNARODOWE SZACHOWE MISTRZOSTWA MALOPOLSKI - Grupa A"]
[Site "Hotel Galaxy, ul. Gesia 22a, Krakow"]
[Date "1899-12-30"]
[Round "5.29"]
[White "Reichel, Lukasz"]
[Black "Sygulski, Piotr"]
[Result "0-1"]
[WhiteTitle "I"]
[BlackTitle "I+"]
[WhiteElo "1922"]
[BlackElo "1981"]

1. e4 c6 2. d4 d5 3. exd5 cxd5 4. c4 Nf6 5. Nc3 Nc6 6. Nf3 Bg4 7. cxd5 Nxd5 8.
Qb3 Bxf3 9. gxf3 e6 10. Qxb7 Nxd4 11. Bb5+ Nxb5 12. Qc6+ Ke7 13. Qc5+ Qd6 14.
Qxb5 Nxc3 15. bxc3 Qd5 16. Bg5+ f6 17. Qxd5 exd5 18. Be3 Ke6 19. Rb1 Bd6 20. Kd2
Rhb8 21. h3 Be5 22. Kd3 a5 23. Bd4 Kf5 24. Ke3 a4 25. Rb4 Bd6 26. Rxb8 Rxb8 27.
Re1 Rb2 28. Re2 Rb1 29. Rc2 Re1+ 30. Kd2 Rh1 31. c4 Rxh3 32. c5 Bc7 33. Rb2 Rh4
34. Be3 d4 35. Rb7 dxe3+ 36. fxe3 Ba5+ 37. Kd3 Ke6 38. e4 Rh3 39. Ra7 Bd8 40.
Rxa4 Rxf3+ 41. Kd4 Bc7 42. Ra6+ Kd7 43. Kd5 Rd3+ 44. Kc4 Rd1 45. a4 h5 46. Ra7
h4 47. a5 h3 0-1

[Event "XXXIII MIEDZYNARODOWE SZACHOWE MISTRZOSTWA MALOPOLSKI - Grupa A"]
[Site "Hotel Galaxy, ul. Gesia 22a, Krakow"]
[Date "1899-12-30"]
[Round "5.30"]
[White "Muller, Maxime"]
[Black "Kozlowski, Franciszek"]
[Result "1-0"]
[WhiteTitle ""]
[BlackTitle "I+"]
[WhiteElo "1974"]
[BlackElo "1900"]

1. e4 c6 2. d4 d5 3. Nc3 dxe4 4. Nxe4 Nf6 5. Nxf6+ exf6 6. c3 Bd6 7. Bd3 O-O 8.
Qc2 Re8+ 9. Ne2 h5 10. O-O h4 11. h3 Nd7 12. Bd2 Nf8 13. Rae1 Qc7 14. f4 Bd7 15.
c4 c5 16. d5 Re7 17. Bf5 Rae8 18. Bxd7 Qxd7 19. Qd3 f5 20. Rf3 Ng6 21. Re3 Re4
22. Rf1 Qc7 23. Nc3 Nxf4 24. Rxe4 fxe4 25. Qe3 Be5 26. Nb5 Qd7 27. Rxf4 a6 28.
Rxe4 f6 29. Bc3 axb5 30. Bxe5 Qf5 31. d6 fxe5 32. cxb5 Rd8 33. Rxe5 Qb1+ 34. Kh2
Rxd6 35. Qxc5 Qd3 36. Qc8+ Kh7 37. Rh5+ Rh6 38. Qf5+ Qxf5 39. Rxf5 Rb6 40. a4
Kg6 41. Rd5 Re6 42. a5 Re4 43. Rd7 Ra4 44. b4 1-0

[Event "XXXIII MIEDZYNARODOWE SZACHOWE MISTRZOSTWA MALOPOLSKI - Grupa A"]
[Site "Hotel Galaxy, ul. Gesia 22a, Krakow"]
[Date "1899-12-30"]
[Round "5.31"]
[White "Rosol, Philip"]
[Black "Adamczyk, Zuzanna"]
[Result "1-0"]
[WhiteTitle "II"]
[BlackTitle "WCM"]
[WhiteElo "2002"]
[BlackElo "1976"]

1. d4 Nf6 2. c4 e6 3. Nf3 d5 4. Nc3 dxc4 5. e3 a6 6. a4 b6 7. Bxc4 Bb7 8. O-O c5
9. Qe2 Qc7 10. Rd1 Be7 11. e4 cxd4 12. Nxd4 Nc6 13. Be3 O-O 14. Rac1 Ne5 15. Bxe6
fxe6 16. Nxe6 Qc4 17. Nxf8 Qxe2 18. Nxe2 Kxf8 19. f3 b5 20. Rc7 Bc8 21. Bc5 Bxc5+
22. Rxc5 Ned7 23. Rc7 Nb6 24. Rd8+ Ne8 25. a5 Be6 26. Rxa8 Nxa8 27. Rc6 Nac7 28.
Nf4 Bd7 29. Rc5 Ke7 30. b4 Ne6 31. Nxe6 Kxe6 32. e5 g5 33. Kf2 h6 34. Ke3 Ng7
35. Ke4 Nf5 36. g3 Ne7 37. Rc7 Bc6+ 38. Kd4 Bxf3 39. Kc5 Nd5 40. Rc6+ Kxe5 41.
Rxa6 h5 42. Rg6 Kf5 43. Rg7 Ne3 44. Rf7+ Kg4 45. Rxf3 Kxf3 46. a6 Nf1 47. h4 g4
48. a7 Kxg3 49. a8=Q Kh2 50. Qf8 Ng3 51. Kxb5 Nh1 52. Kc6 g3 53. Qf4 Kh3 54. Qf3
Kh2 55. Qf4 Kh3 56. b5 g2 57. Qe3+ Kh2 58. b6 g1=Q 59. Qxg1+ Kxg1 60. b7 Kg2 61.
b8=Q Kh3 62. Qf4 Ng3 63. Qg5 Kh2 64. Kd5 1-0

[Event "XXXIII MIEDZYNARODOWE SZACHOWE MISTRZOSTWA MALOPOLSKI - Grupa A"]
[Site "Hotel Galaxy, ul. Gesia 22a, Krakow"]
[Date "1899-12-30"]
[Round "6.1"]
[White "Bogdanov, Egor"]
[Black "Bus, Konrad"]
[Result "1/2-1/2"]
[WhiteTitle "IM"]
[BlackTitle "k"]
[WhiteElo "2398"]
[BlackElo "2256"]

1. e4 d5 2. exd5 Qxd5 3. Nc3 Qd8 4. d4 Nf6 5. Bc4 a6 6. Nf3 b5 7. Bd3 Bb7 8. Qe2
e6 9. Ne4 Be7 10. O-O O-O 11. Re1 Nbd7 12. Neg5 Bd5 13. a4 h6 14. Nh3 c5 15. c3
cxd4 16. Nxd4 Nc5 17. axb5 Nxd3 18. Qxd3 axb5 19. Rxa8 Qxa8 1/2-1/2

[Event "XXXIII MIEDZYNARODOWE SZACHOWE MISTRZOSTWA MALOPOLSKI - Grupa A"]
[Site "Hotel Galaxy, ul. Gesia 22a, Krakow"]
[Date "1899-12-30"]
[Round "6.2"]
[White "Kyc, Jerzy"]
[Black "Sieciechowicz, Marcin"]
[Result "1/2-1/2"]
[WhiteTitle "m"]
[BlackTitle "IM"]
[WhiteElo "2276"]
[BlackElo "2387"]

1. e4 c5 2. Nf3 d6 3. d4 cxd4 4. Nxd4 Nf6 5. Nc3 a6 6. Bg5 e6 7. f4 Be7 8. Qf3
Qc7 9. O-O-O Nbd7 10. Bd3 b5 11. Bxf6 Nxf6 12. g4 b4 13. Nce2 Bb7 14. g5 Nd7 15.
h4 O-O-O 16. Kb1 Nc5 17. Qe3 Kb8 18. Ng3 Rhe8 19. Rhe1 e5 20. Nb3 exf4 21. Qxf4
d5 22. e5 f6 23. Nh5 fxe5 24. Qxe5 Qxe5 25. Rxe5 Nxd3 26. cxd3 Bf8 27. Rxe8 Rxe8
28. Rf1 Bc8 29. Nd4 Bc5 30. Nxg7 Re3 31. Nb3 Bb6 32. Rf6 Bc7 33. d4 Re7 34. Nf5
Re1+ 35. Kc2 Re2+ 36. Kd3 Rxb2 37. Ne7 Bd8 38. Nc6+ Kc7 39. Nxd8 Kxd8 40. Rd6+
Ke7 41. Rxd5 Rxa2 42. Re5+ Kd6 43. Kc4 Be6+ 44. Kxb4 Rb2 45. Re3 Bd5 46. h5 Rg2
47. Nc5 Rxg5 48. Re6+ Bxe6 49. Ne4+ Kd5 50. Nxg5 Bf5 51. Ka5 Bd3 52. Nxh7 Bxh7
53. Kxa6 Kxd4 1/2-1/2